| 000 | 00758nam a2200265 a 4500 | ||
|---|---|---|---|
| 001 | 000029532 | ||
| 003 | DO-SdBNP | ||
| 005 | 20240725093516.0 | ||
| 007 | ta | ||
| 008 | 110418s2011 sp a 000 0 spa d | ||
| 020 | _a9789972625015 | ||
| 040 |
_aDO-SdBNP _bspa _cBNPHU _erda |
||
| 041 | _hspa | ||
| 082 | 4 |
_a030 _bD545 _222 |
|
| 245 | 0 | 0 | _aDiccionario enciclopédico color. |
| 264 |
_aBarcelona : _bLexus , _c2011. |
||
| 300 |
_a984 páginas. : _bilustraciones ; _c27 cm. |
||
| 336 |
_2rdacontent _atexto _btxt |
||
| 337 |
_2rdamedia _asin mediación _bn |
||
| 338 |
_2rdacarrier _avolumen _bnc |
||
| 590 | _aInventariado, 2024/DG | ||
| 650 | 4 |
_aDiccionario Enciclópedico _986131 |
|
| 910 | _aDG. Validado. Control de Calidad/MAA | ||
| 942 |
_2ddc _cLBS1 |
||
| 999 |
_c29024 _d29024 |
||